[Event "Ch USA (amateur) (team) East"]
[Site "masterchessopen.com Parsippany (USA)"]
[Date "2009.02.15"]
[Round "4"]
[White "Fang Joseph (USA)"]
[Black "Kwartler Lonnie (USA)"]
[Result "1-0"]
[WhiteElo "2327"]
[BlackElo "2194"]

1.d4 Nf6 2.c4 e6 3.Nc3 Bb4 4.Bg5 h6 5.Bh4 c5 6.d5 d6 7.e3 e5 8.Bd3 Qe7 9.Ne2
Nbd7 10.Ng3 Bxc3+ 11.bxc3 g6 12.O-O g5 13.Nf5 Qf8 14.Bg3 Nb6 15.f4 gxf4 16.Bh4
Bxf5 17.Bxf5 Qg7 18.exf4 e4 19.Re1 Rg8 20.Qc2 Kf8 21.Bxe4 Re8 22.Bf5 Nxc4
23.Rxe8+ Nxe8 24.Re1 f6 25.Qe4 Nc7 26.Bg6 Qd7 27.Bxf6 Nb6 28.Be7+ Kg7 29.Bh5
{#r} 1-0

[Event "Ch USA (amateur) (team) East"]
[Site "masterchessopen.com Parsippany (USA)"]
[Date "2009.02.16"]
[Round "6"]
[White "Fang Joseph (USA)"]
[Black "Patay Travis (USA)"]
[Result "1-0"]
[WhiteElo "2327"]
[BlackElo "2008"]

1.d4 Nf6 2.c4 e6 3.Nc3 Bb4 4.Bg5 h6 5.Bh4 c5 6.d5 d6 7.e3 Qe7 8.Bd3 e5 9.Ne2
g5 10.Bg3 e4 11.Bc2 Bg4 12.Ba4+ Nbd7 13.Qc2 O-O-O 14.a3 Bxc3+ 15.Nxc3 Kb8
16.Bxd7 Rxd7 17.b4 Ka8 18.bxc5 dxc5 19.Nb5 Nh5 20.d6 Qf6 21.O-O Nxg3 22.fxg3
Qe5 23.Rab1 a6 24.Nc7+ Ka7 25.Qb3 Rxc7 26.Qb6+ Kb8 27.Qxc7+ {#r} 1-0

[Event "Ch Greece (team)"]
[Site "masterchessopen.com Kallithea (Greece)"]
[Date "2009.07.06"]
[Round "5"]
[White "Parginos Vassilios (GRE)"]
[Black "Goumas Georgios (GRE)"]
[Result "1-0"]
[WhiteElo "2196"]
[BlackElo "2315"]

1.d4 Nf6 2.c4 e6 3.Nc3 Bb4 4.Bg5 c5 5.d5 h6 6.Bh4 d6 7.e3 O-O 8.Nf3 exd5
9.cxd5 Nbd7 10.Be2 Qa5 11.O-O Bxc3 12.bxc3 Qxc3 13.Nd2 Nb6 14.Bg3 Rd8 15.Rc1
Qa3 16.e4 Qxa2 17.Ra1 Qb2 18.f4 Ng4 19.Bxg4 Bxg4 20.Qxg4 Qxd2 21.f5 Nc4 22.f6
Qg5 23.Qh3 Re8 24.Rae1 g6 25.Rf4 Ne5 26.Ref1 h5 27.Bh4 Qh6 28.Be1 g5 29.Rf5 g4
30.Qc3 Ng6 31.Bd2 Qh7 32.Rg5 Re5 33.Rff5 Rae8 34.Bf4 Rxe4 35.Rxh5 Rxf4 36.Rxh7
Rxf5 37.Rg7+ Kf8 38.h3 gxh3 39.Qxh3 Rxf6 40.Rh7 b5 41.Qd7 b4 42.Qxa7 b3 43.Qa1
Rf4 44.Qg7+ Ke7 45.Qxg6 b2 46.Qe6+ Kf8 47.Rh8+ {#r} 1-0

[Event "It (open)"]
[Site "masterchessopen.com Trieste (Italy)"]
[Date "2009.08.30"]
[Round "1"]
[White "Jacob Volker (GER)"]
[Black "Fedorchuk Sergey A (UKR)"]
[Result "0-1"]
[WhiteElo "2257"]
[BlackElo "2655"]

1.d4 Nf6 2.c4 e6 3.Nc3 Bb4 4.Bg5 h6 5.Bh4 c5 6.d5 d6 7.e3 g5 8.Bg3 Ne4 9.Ne2
h5 10.f3 Nxg3 11.hxg3 exd5 12.a3 Ba5 13.b4 cxb4 14.axb4 Bxb4 15.Qd4 f6 16.cxd5
a5 17.Kf2 Nd7 18.Nb5 Kf7 19.f4 Nc5 20.Qc4 Qe7 21.Nec3 Bf5 {#R} 0-1

[Event "It \"]
[Site "masterchessopen.com Vienna (Austria)"]
[Round "3"]
[White "Leitner Gerald (AUT)"]
[Black "Reinwald Patrick (AUT)"]
[Result "1-0"]
[WhiteElo "2210"]
[BlackElo "2095"]

1.d4 Nf6 2.c4 e6 3.Nc3 Bb4 4.Bg5 c5 5.d5 h6 6.Bh4 d6 7.e3 g5 8.Bg3 Ne4 9.Ne2
Qa5 10.Qb3 e5 11.f3 Bd7 12.O-O-O Nxc3 13.bxc3 Ba3+ 14.Kd2 Na6 15.Rb1 Rb8 16.h4
Ke7 17.hxg5 hxg5 18.Rxh8 Rxh8 19.Bf2 Rb8 20.Ng3 b5 21.cxb5 Nc7 22.e4 Nxb5
23.Bxb5 Rxb5 24.Nf5+ Kd8 25.Qc2 Bxf5 26.exf5 f6 27.Rxb5 Qxb5 28.Qb3 Bc1+
29.Kxc1 Qf1+ 30.Kb2 Qxf2+ 31.Ka3 Qe3 32.Qb8+ Kd7 33.Qxa7+ Kc8 34.Qa8+ Kc7
35.Qc6+ Kb8 36.Qxd6+ Kb7 37.Qc6+ Ka7 38.Kb3 {#r} 1-0

[Event "It (open)"]
[Site "masterchessopen.com Lenk (Switzerland)"]
[Date "2010.04.02"]
[Round "2"]
[White "Kolly Jacques (SUI)"]
[Black "Studer Noel (SUI)"]
[Result "1-0"]
[WhiteElo "2290"]
[BlackElo "2042"]

1.d4 e6 2.c4 Nf6 3.Nc3 Bb4 4.Bg5 h6 5.Bh4 c5 6.d5 d6 7.e3 Bxc3+ 8.bxc3 e5 9.f3
g5 10.Bf2 O-O 11.e4 Nh7 12.g4 Re8 13.Qd2 Nf8 14.h4 Ng6 15.Ne2 Nf4 16.Ng3 Kg7
17.Be3 Rh8 18.O-O-O f6 19.Bd3 Qa5 20.hxg5 fxg5 21.Nh5+ Kf7 22.Rh2 Nd7 23.Rdh1
Nb6 24.Nxf4 exf4 25.Bxf4 gxf4 26.g5 Na4 27.Qxf4+ Kg8 28.Rc2 Nxc3 29.gxh6 Nxa2+
30.Kb2 Qb4+ 31.Kxa2 Qa4+ 32.Kb2 Qb4+ 33.Kc1 Qa3+ 34.Kd2 {#r} 1-0

[Event "It (open)"]
[Site "masterchessopen.com Dubai (United Arab Emirates)"]
[Date "2010.04.10"]
[Round "6"]
[White "Bennett John (ENG)"]
[Black "Ghane Shojaat (IRI)"]
[Result "0-1"]
[WhiteElo "2153"]
[BlackElo "2402"]

1.d4 Nf6 2.c4 e6 3.Nc3 Bb4 4.Bg5 h6 5.Bh4 c5 6.d5 d6 7.e3 e5 8.Qc2 Nbd7 9.Bd3
a6 10.Ne2 Nf8 11.O-O-O g5 12.Bg3 Bd7 13.f4 Ng4 14.fxe5 dxe5 15.h3 Nxe3 16.Qd2
Nxd1 17.Bxe5 f6 18.Bg3 Nxc3 19.Nxc3 Kf7 20.Rf1 Bxc3 21.Qxc3 Ng6 22.h4 Nf4
23.Bxf4 gxf4 24.Rxf4 Qe7 25.Be4 Qd6 26.Qf3 h5 {#R} 0-1

[Event "Ch France (juniors) (under 14)"]
[Site "masterchessopen.com Troyes (France)"]
[Date "2010.04.13"]
[Round "4"]
[White "Aubrun Lucas (FRA)"]
[Black "Macon Arthur (FRA)"]
[Result "0-1"]
[WhiteElo "1645"]
[BlackElo "1977"]

1.d4 Nf6 2.c4 e6 3.Nc3 Bb4 4.Bg5 h6 5.Bh4 c5 6.d5 d6 7.Nf3 Bxc3+ 8.bxc3 Qe7
9.e3 O-O 10.Bd3 e5 11.Bc2 Bg4 12.Qb1 b6 13.h3 Bc8 14.g4 e4 15.g5 exf3 16.gxf6
gxf6 17.Bf5 Qe5 18.Rg1+ Kh8 19.Bg4 Qxc3+ 20.Kd1 Bd7 21.Bxd7 Nxd7 22.Qc1 Qxc1+
23.Rxc1 Rg8 24.Kd2 Kh7 25.e4 Rxg1 26.Rxg1 Re8 27.Ke3 f5 28.Kxf3 Rxe4 29.Bd8
Ne5+ 30.Kg3 Nxc4 31.Kh2 Ne5 32.Kh1 Ng6 {#R} 0-1

[Event "Ch FEFB (Elite)"]
[Site "masterchessopen.com Fontaine (Belgium)"]
[Date "2010.05.14"]
[Round "4"]
[White "Duhayon Yves (BEL)"]
[Black "Real Thibault (BEL)"]
[Result "1-0"]
[WhiteElo "2220"]
[BlackElo "1963"]

1.d4 Nf6 2.c4 e6 3.Nc3 Bb4 4.Bg5 c5 5.d5 h6 6.Bh4 d6 7.Nf3 e5 8.Nd2 Bf5 9.e4
Bh7 10.f3 Nbd7 11.Bf2 Nh5 12.g3 g6 13.Bd3 Ng7 14.Be3 g5 15.h4 f6 16.Qc2 Bxc3
17.Qxc3 Qc7 18.O-O-O O-O-O 19.hxg5 hxg5 20.Rh6 Ne8 21.Rdh1 Nb6 22.Bf1 g4
23.R1h4 Qe7 24.Rxg4 Nc7 25.Bh3 Kb8 26.Rgh4 Qg7 27.Bg4 Bg6 28.b4 cxb4 29.Qxb4
Rxh6 30.Bxh6 Qe7 31.Be3 Na6 32.Qa5 Na8 33.Rh6 Rg8 34.Be6 Rg7 35.Rh8+ Be8
36.Bg4 N8c7 37.Qa3 Rf7 38.c5 Nxc5 39.Bxc5 dxc5 40.Nc4 Nb5 41.d6 Nxd6 42.Nxd6
Qxd6 43.Rxe8+ Kc7 44.Qxa7 {#r} 1-0

[Event "It (a) (open)"]
[Site "masterchessopen.com Kostroma (Russia)"]
[Round "7"]
[White "Prosvirnin Lev (RUS)"]
[Black "Tilicheev Viacheslav (RUS)"]
[Result "0-1"]
[WhiteElo "2203"]
[BlackElo "2343"]

1.c4 Nf6 2.Nc3 e6 3.d4 Bb4 4.Bg5 c5 5.d5 h6 6.Bh4 d6 7.f3 g5 8.Bg3 Bxc3+
9.bxc3 e5 10.e4 Nbd7 11.Qa4 h5 12.Bf2 h4 13.Bd3 Nh5 14.Ne2 Kf8 15.O-O-O a6
16.Kd2 Nf4 17.Nxf4 exf4 18.Rb1 Ne5 19.Be2 Bd7 20.Qc2 b5 21.h3 Kg7 22.Rb2 f5
23.Rf1 fxe4 24.fxe4 g4 25.Bg1 Qg5 26.Rbb1 Rhf8 27.hxg4 f3+ 28.Be3 fxe2 29.Bxg5
exf1=Q 30.Rxf1 Rxf1 31.Bxh4 Raf8 32.Qb3 Nxc4+ 33.Kd3 Bxg4 {#R} 0-1

[Event "It \"]
[Site "masterchessopen.com Hamburg (Germany)"]
[Date "2010.07.13"]
[Round "4"]
[White "Wiener Christian (GER)"]
[Black "Korba Roman (GER)"]
[Result "0-1"]
[WhiteElo "2088"]
[BlackElo "2235"]

1.d4 Nf6 2.c4 e6 3.Nc3 Bb4 4.Bg5 h6 5.Bh4 c5 6.d5 d6 7.e3 O-O 8.Ne2 exd5
9.cxd5 Nbd7 10.a3 Ba5 11.f3 Re8 12.e4 b5 13.Nc1 Nxe4 14.Bxd8 Nxc3+ 15.Be2
Nxd1+ 16.Bxa5 Nxb2 17.Kf2 a6 18.Rb1 Na4 19.Bc7 Bb7 20.Bd1 Nc3 21.Rb2 Nxd5
22.Bxd6 Re6 23.Bg3 c4 24.Bc2 Nc5 25.Rd1 g6 26.Ne2 Rxe2+ 27.Kxe2 Nc3+ 28.Kf1
Nxd1 29.Bxd1 Rd8 30.Rb1 Bc8 31.a4 Bf5 32.Ra1 b4 33.Bc7 Rd7 34.Bb6 Nb3 35.Bxb3
cxb3 {#R} 0-1

[Event "Czech League 2010/11 (2nd) (c)"]
[Site "masterchessopen.com Czech Republic"]
[Date "2010.12.05"]
[Round "4"]
[White "Krouzel Jaroslav (CZE)"]
[Black "Drabek Vojtech (CZE)"]
[Result "1-0"]
[WhiteElo "2213"]
[BlackElo "2128"]

1.d4 Nf6 2.c4 e6 3.Nc3 Bb4 4.Bg5 h6 5.Bh4 c5 6.d5 d6 7.e3 Bxc3+ 8.bxc3 O-O
9.Nf3 e5 10.Nd2 Nbd7 11.Bd3 Qe7 12.Qc2 Re8 13.Ne4 g5 14.Bg3 Nxe4 15.Bxe4 Nf6
16.Bf5 Bxf5 17.Qxf5 Kg7 18.h4 Qd7 19.Qc2 Rh8 20.f3 Rab8 21.O-O b5 22.cxb5 Rxb5
23.c4 Rb6 24.Be1 Nh7 25.Bc3 f6 26.h5 Qe8 27.g4 Rf8 28.a4 Rb7 29.Rab1 Rxb1
30.Rxb1 f5 31.a5 Kg8 32.Rb7 Rf7 33.a6 Nf8 34.gxf5 Rf6 35.e4 Qxh5 36.Qg2 Rf7
37.Qg4 Qxg4+ 38.fxg4 Nd7 39.Rxa7 Kf8 40.Rb7 Re7 41.a7 {#r} 1-0

[Event "Memorial I.Kopylov (open)"]
[Site "masterchessopen.com Ufa (Russia)"]
[Date "2010.12.21"]
[Round "1"]
[White "Kudrjushova Elena (RUS)"]
[Black "Kutlyarov Aleksandr (RUS)"]
[Result "0-1"]
[WhiteElo "1704"]
[BlackElo "2119"]

1.d4 Nf6 2.c4 e6 3.Nc3 Bb4 4.Bg5 c5 5.d5 h6 6.Bh4 d6 7.a3 Bxc3+ 8.bxc3 e5
9.Qc2 Nbd7 10.e4 g5 11.Bg3 Nh5 12.Be2 Ndf6 13.Nf3 Nf4 14.Bxf4 gxf4 15.g3 Qe7
16.Nh4 Bd7 17.Rb1 b6 18.a4 O-O 19.gxf4 exf4 20.Rg1+ Kh8 21.f3 Nxd5 22.cxd5
Qxh4+ 23.Kd2 Rg8 24.c4 Qf6 25.Bd3 Qd4 26.Rge1 Rg2+ 27.Re2 Rxe2+ 28.Kxe2 Rg8
29.Ke1 Qe3+ 30.Qe2 Rg1# 0-1

[Event "It (open)"]
[Site "masterchessopen.com Chennai (India)"]
[Date "2011.01.21"]
[Round "5"]
[White "Murshed Niaz (BAN)"]
[Black "Aravindh Chithambaram Vr (IND)"]
[Result "1-0"]
[WhiteElo "2442"]
[BlackElo "2213"]

1.d4 Nf6 2.c4 e6 3.Nc3 Bb4 4.Bg5 h6 5.Bh4 c5 6.d5 d6 7.e3 Qe7 8.Nf3 Nbd7 9.Be2
e5 10.Qc2 Bxc3+ 11.bxc3 O-O 12.Nd2 Re8 13.O-O Nf8 14.f3 g5 15.Bg3 Nh5 16.Bd3
Kg7 17.Rae1 Ng6 18.Bf2 Nf6 19.Bg3 Nh5 20.Re2 Rf8 21.Be1 Qe8 22.g4 Nf6 23.Rg2
Qd8 24.Bg3 h5 25.h3 Rh8 26.f4 exf4 27.exf4 gxf4 28.Bxg6 fxg3 29.Bxf7 Kxf7
30.Ne4 hxg4 31.Qd2 Re8 32.Rxf6+ Qxf6 33.Nxf6 Kxf6 34.Qh6+ Kf7 35.Qh7+ Kf6
36.Qh6+ Kf7 37.Qh5+ Kf8 38.Rxg3 Bd7 39.hxg4 Re1+ 40.Kf2 Ra1 41.Rf3+ Ke7
42.Qg5+ Ke8 43.Qg8+ Ke7 44.Rf7# 1-0

[Event "It (open) \"]
[Site "masterchessopen.com Caleta (England)"]
[Date "2011.01.24"]
[Round "1"]
[White "Jaunooby Ali R (ENG)"]
[Black "Lundback Karl (SWE)"]
[Result "1-0"]
[WhiteElo "2113"]
[BlackElo "1911"]

1.d4 Nf6 2.c4 e6 3.Bg5 Bb4+ 4.Nc3 h6 5.Bh4 c5 6.d5 d6 7.f3 O-O 8.e4 e5 9.Bd3
Nbd7 10.Ne2 Re8 11.a3 Bxc3+ 12.Nxc3 Nf8 13.Bf2 Bd7 14.h4 a6 15.b4 b6 16.b5
axb5 17.cxb5 Qc7 18.Bc4 Nh5 19.g3 g6 20.Qd2 Kg7 21.Rg1 Nf6 22.Be3 h5 23.Bh6+
Kh7 24.Bg5 Ng8 25.g4 f6 26.Be3 hxg4 27.fxg4 Kg7 28.h5 Kf7 29.hxg6+ Nxg6 30.Qh2
Nf4 31.Bxf4 exf4 32.Qxf4 Ke7 33.g5 Rf8 34.gxf6+ Nxf6 35.Rg7+ Rf7 36.Rxf7+ Kxf7
37.e5 {#r} 1-0

[Event "It (open) \"]
[Site "masterchessopen.com Ostrava (Czech Republic)"]
[Date "2011.05.07"]
[Round "8"]
[White "Krouzel Jaroslav (CZE)"]
[Black "Rakus Pavel (CZE)"]
[Result "0-1"]
[WhiteElo "2133"]
[BlackElo "2141"]

1.d4 Nf6 2.c4 e6 3.Nc3 Bb4 4.Bg5 h6 5.Bh4 c5 6.d5 d6 7.f3 Bxc3+ 8.bxc3 e5 9.e4
Nbd7 10.Bd3 Nf8 11.Ne2 g5 12.Bf2 Ng6 13.Qd2 Nh5 14.Ng3 Nhf4 15.Be3 Nh4 16.Bxf4
gxf4 17.Nf5 Bxf5 18.exf5 Qg5 19.O-O Rg8 20.Rf2 Nxf5 21.Bxf5 Qxf5 22.Qb2 O-O-O
23.Rb1 Rd7 24.a4 Re7 25.Qb5 Qd7 26.Qa5 Kb8 27.Rfb2 Ka8 28.Ra1 f6 29.Qb5 h5
30.Raa2 h4 31.Kf1 Qf5 32.Re2 Reg7 33.a5 a6 34.Qb3 Qd3 35.Rd2 Rxg2 {#R} 0-1

[Event "It \"]
[Site "masterchessopen.com Wheeling (USA)"]
[Date "2011.05.29"]
[Round "6"]
[White "Zenyuk Iryna (USA)"]
[Black "Arnold Marc T (USA)"]
[Result "0-1"]
[WhiteElo "2240"]
[BlackElo "2505"]

1.d4 Nf6 2.c4 e6 3.Nc3 Bb4 4.Bg5 c5 5.d5 h6 6.Bh4 d6 7.e3 Bxc3+ 8.bxc3 O-O
9.Bd3 exd5 10.cxd5 Nbd7 11.Nf3 Qa5 12.O-O Qxc3 13.Bg3 c4 14.Bc2 Qa3 15.Qd4 b5
16.Nh4 Re8 17.Nf5 Ne5 18.Bh4 Bxf5 19.Bxf5 Ned7 20.e4 Qc5 21.Bxf6 Nxf6 22.Qxc5
dxc5 23.f3 c3 24.Rfd1 Rad8 25.Kf2 a5 26.Rac1 b4 27.g3 Re5 28.Bh3 Ne8 29.Bg2
Nd6 30.Re1 f5 31.Ke3 g5 32.f4 gxf4+ 33.gxf4 Rxe4+ 34.Bxe4 Nxe4 35.Red1 a4
36.Rd3 b3 37.axb3 axb3 38.Rdxc3 Nxc3 39.Rxc3 Rb8 40.Rc1 b2 41.Rb1 Kf7 {#R} 0-1

[Event "It (open)"]
[Site "masterchessopen.com Montcada (Spain)"]
[Date "2011.06.28"]
[Round "4"]
[White "Almeida Omar (CUB)"]
[Black "Asensio Linan Teodoro (ESP)"]
[Result "1-0"]
[WhiteElo "2554"]
[BlackElo "2163"]

1.d4 Nf6 2.c4 e6 3.Nc3 Bb4 4.Bg5 h6 5.Bh4 c5 6.d5 d6 7.e3 Qe7 8.Bd3 b5 9.dxe6
Bb7 10.exf7+ Qxf7 11.Bxf6 O-O 12.Ne2 Qxf6 13.O-O Nd7 14.Ne4 Qg6 15.N2g3 bxc4
16.Bxc4+ Kh8 17.Nxd6 Ne5 18.Nxb7 Nxc4 19.a3 Rab8 20.axb4 Rxb7 21.b3 Ne5 22.Qd5
Re7 23.bxc5 Qg5 24.f4 Nf3+ 25.Qxf3 Qxc5 26.Rfe1 Qb6 27.Kh1 Qxb3 28.f5 Qb2
29.e4 Rc8 30.Qa3 Qe5 31.Rac1 Rce8 32.Qc5 Qb2 33.Re2 Qb3 34.f6 gxf6 35.Qh5 Qb6
36.Nf5 Qb5 37.Qxh6+ Rh7 38.Qxf6+ Kg8 39.Qg6+ Kh8 40.Nd6 Qxe2 41.Qxe8+ Kg7
42.Qe7+ Kg6 43.Qe6+ Kg5 44.Qf5+ Kh6 45.Qf6+ {#r} 1-0

[Event "Ch Paris (open)"]
[Site "masterchessopen.com Paris (France)"]
[Date "2011.07.06"]
[Round "5"]
[White "Fayard Alain (FRA)"]
[Black "Dourerassou Jonathan (FRA)"]
[Result "0-1"]
[WhiteElo "2234"]
[BlackElo "2432"]

1.d4 Nf6 2.c4 e6 3.Nc3 Bb4 4.Bg5 h6 5.Bh4 c5 6.d5 d6 7.e3 Qe7 8.Nf3 g5 9.Bg3
exd5 10.cxd5 Ne4 11.Qc2 Nd7 12.Bd3 Ndf6 13.O-O Bxc3 14.bxc3 h5 15.h4 Nxg3
16.fxg3 gxh4 17.Nxh4 Qxe3+ 18.Qf2 Qxf2+ 19.Rxf2 Nxd5 20.Bc4 Be6 21.Bxd5 Bxd5
22.Rd1 Be6 23.Rxd6 Ke7 24.Rdd2 Rad8 25.Rde2 Rd3 26.Rf3 Rhd8 27.Re5 Rd1+ 28.Rf1
Rxf1+ 29.Kxf1 b6 30.a3 Rd3 31.Nf5+ Kf6 32.Re3 Bxf5 {#R} 0-1

[Event "Ch World (juniors) (under 20)"]
[Site "masterchessopen.com Chennai (India)"]
[Date "2011.08.11"]
[Round "9"]
[White "Martinovic Sasa (CRO)"]
[Black "Urkedal Frode (NOR)"]
[Result "1-0"]
[WhiteElo "2513"]
[BlackElo "2447"]

1.d4 Nf6 2.c4 e6 3.Nc3 Bb4 4.Bg5 h6 5.Bh4 c5 6.d5 d6 7.e3 Bxc3+ 8.bxc3 e5
9.Qc2 Qe7 10.Nf3 g5 11.Bg3 Nbd7 12.Nd2 Nh5 13.Bd3 Ndf6 14.Rb1 Kd8 15.f3 Nxg3
16.hxg3 Kc7 17.g4 h5 18.gxh5 Rxh5 19.Rxh5 Nxh5 20.Kf2 Bd7 21.Rh1 Nf6 22.Bf5
Rg8 23.Bxd7 Nxd7 24.Qf5 Qf6 25.g4 Rg6 26.Rh7 Qxf5 27.gxf5 Rf6 28.e4 Kd8 29.Kg3
Ke7 30.Kg4 Kf8 31.Kxg5 Kg8 32.Rh1 Kg7 33.Nf1 {#r} 1-0

[Event "It (open)"]
[Site "masterchessopen.com Zadar (Croatia)"]
[Date "2011.12.14"]
[Round "5"]
[White "Rukavina Josip (CRO)"]
[Black "Jovanic Ognjen (CRO)"]
[Result "0-1"]
[WhiteElo "2421"]
[BlackElo "2476"]

1.d4 Nf6 2.c4 e6 3.Nc3 Bb4 4.Bg5 c5 5.d5 h6 6.Bh4 d6 7.e3 Bxc3+ 8.bxc3 e5
9.Bd3 Nbd7 10.f3 Qe7 11.Qc2 g5 12.Bg3 Rg8 13.O-O-O Kd8 14.Kb2 Kc7 15.Ka1 Nb6
16.h3 Bd7 17.Rf1 Rae8 18.Ne2 e4 19.fxe4 Nxe4 20.Bh2 f5 21.Rf3 Qg7 22.Rb1 Re7
23.Qb2 Rb8 24.Qa3 Na4 25.Rc1 g4 26.hxg4 fxg4 27.Rf4 g3 28.Bg1 Rbe8 29.Rf3 h5
30.Bxe4 Rxe4 31.Nxg3 Rxc4 32.Nxh5 Qxg2 33.Rf7 Qg6 34.Rxd7+ Kxd7 35.Qb3 Nb6
36.Nf4 Qe4 37.Qb5+ Kc8 38.Nh5 Qe5 {#R} 0-1

[Event "Cup Doeberl"]
[Site "masterchessopen.com Canberra (Australia)"]
[Date "2012.04.06"]
[Round "4"]
[White "Akshat Khamparia (IND)"]
[Black "Xie George Wendi (AUS)"]
[Result "1-0"]
[WhiteElo "2414"]
[BlackElo "2459"]

1.d4 Nf6 2.c4 e6 3.Nc3 Bb4 4.Bg5 h6 5.Bh4 c5 6.d5 d6 7.e3 exd5 8.cxd5 Nbd7
9.Bd3 Qa5 10.Ne2 Nxd5 11.O-O Bxc3 12.bxc3 N5b6 13.Bc2 d5 14.c4 Qb4 15.Bg3 Qxc4
16.Bb3 Qg4 17.a4 c4 18.Bc2 Nf6 19.a5 Nbd7 20.h3 Qh5 21.Bd6 Nb8 22.f3 Be6
23.Qb1 Bc8 24.Ba4+ Kd8 25.Rd1 Qg5 26.Bf4 Qf5 27.e4 Qe6 28.Bh2 Nbd7 29.Nf4 Qe8
30.Nxd5 Nxd5 31.exd5 Qe3+ 32.Kh1 Ke7 33.Qb4+ {#r} 1-0

[Event "It \"]
[Site "masterchessopen.com Penarth (Wales)"]
[Date "2012.07.08"]
[Round "1"]
[White "Jaunooby Ali R (ENG)"]
[Black "Davis Lee (WLS)"]
[Result "1-0"]
[WhiteElo "2165"]
[BlackElo "1969"]

1.d4 Nf6 2.c4 e6 3.Bg5 h6 4.Bh4 Bb4+ 5.Nc3 c5 6.d5 d6 7.f3 e5 8.Rc1 e4 9.a3
Bxc3+ 10.Rxc3 O-O 11.f4 Nbd7 12.g4 g5 13.Bg3 Nxg4 14.h3 gxf4 15.Bxf4 Nge5
16.Rg3+ Kh7 17.Qc2 f5 18.h4 Nf6 19.Bg5 b5 20.Nh3 Nxc4 21.Qc1 Qa5+ 22.Kd1 Ng4
23.Bxh6 e3 24.Bxf8 Bb7 25.Ng5+ Kg8 26.Rxg4 fxg4 27.Qc2 Qd2+ 28.Qxd2 exd2
29.Be7 Re8 30.Bf6 Bxd5 31.e4 Ne3+ 32.Kxd2 Bxe4 33.Bxb5 Rf8 34.Nxe4 {#r} 1-0